[Event "SUI-chT"]
[Site "Switzerland"]
[Date "2017.10.15"]
[Round "9.6"]
[White "Sedina, Elena"]
[Black "Bex, Pierre Alain"]
[Result "1-0"]
[WhiteElo "2256"]
[BlackElo "2157"]
[PlyCount "39"]
[EventDate "2017.03.19"]
[EventType "team-swiss"]
[EventRounds "9"]
[EventCountry "SUI"]
[SourceTitle "EXT 2019"]
[Source "ChessBase"]
[SourceDate "2018.10.10"]
[SourceVersion "1"]
[SourceVersionDate "2018.10.10"]
[SourceQuality "1"]
[WhiteTeam "Mendrisio"]
[BlackTeam "Neuchatel"]
[WhiteTeamCountry "SUI"]
[BlackTeamCountry "SUI"]

1. e4 e5 2. Bc4 Nf6 3. d3 Nc6 4. Nf3 Bc5 5. 0-0 d6 6. c3 0-0 7. Nbd2 a6 8. Bb3 h6 9. Re1 Re8 10. Nf1 Ba7 11. h3 Be6 12. N3h2 d5 13. Qf3 dxe4 14. dxe4 Bxb3 15. axb3 a5 16. Ng3 Qe7 17. Nf5 Qe6 18. Bxh6 Nxe4 19. Rxe4 gxh6 20. Qg3+ 1-0

[Event "SUI-chT"]
[Site "Switzerland"]
[Date "2017.06.11"]
[Round "5.5"]
[White "Bex, Pierre Alain"]
[Black "Antognini, Francesco"]
[Result "1/2-1/2"]
[WhiteElo "2157"]
[BlackElo "2286"]
[PlyCount "92"]
[EventDate "2017.03.19"]
[EventType "team-swiss"]
[EventRounds "9"]
[EventCountry "SUI"]
[SourceTitle "EXT 2018"]
[Source "ChessBase"]
[SourceDate "2017.10.13"]
[SourceVersion "1"]
[SourceVersionDate "2017.10.13"]
[SourceQuality "1"]
[WhiteTeam "Neuchatel"]
[BlackTeam "Reti"]
[WhiteTeamCountry "SUI"]
[BlackTeamCountry "SUI"]

1. e4 c6 2. d4 d5 3. Nc3 dxe4 4. Nxe4 Bf5 5. Ng3 Bg6 6. Nh3 e6 7. Nf4 Bd6 8. c3 Qc7 9. Qf3 Nf6 10. h4 Nbd7 11. h5 Bc2 12. Bc4 0-0-0 13. 0-0 e5 14. Nfe2 e4 15. Qe3 Nb6 16. Qd2 Nxc4 17. Qxc2 e3 18. Qf5+ Kb8 19. b3 exf2+ 20. Rxf2 Nb6 21. h6 Ka8 22. Nf1 Rhg8 23. hxg7 Ne8 24. Bh6 Nxg7 25. Qxf7 Qxf7 26. Rxf7 Rd7 27. Rxd7 Nxd7 28. Bf4 Nf5 29. Bxd6 Nxd6 30. Nfg3 Kb8 31. Rf1 Rg5 32. Rf4 Kc7 33. Ne4 Rg7 34. Nxd6 Kxd6 35. Kf2 c5 36. Ng3 cxd4 37. Rxd4+ Kc6 38. Rf4 Ne5 39. Rd4 Ng4+ 40. Kf3 Nh2+ 41. Kf2 Ng4+ 42. Kg1 Ne3 43. Kh2 Rg6 44. Kh3 Rh6+ 45. Rh4 Rxh4+ 46. Kxh4 Nxg2+ 1/2-1/2

[Event "SUI-chT"]
[Site "Switzerland"]
[Date "2015.05.31"]
[Round "4.3"]
[White "Bex, Pierre Alain"]
[Black "Kaczmarczyk, Dennis"]
[Result "1/2-1/2"]
[WhiteElo "2235"]
[BlackElo "2397"]
[PlyCount "104"]
[EventDate "2015.03.29"]
[EventType "team-tourn"]
[EventRounds "9"]
[EventCountry "SUI"]
[SourceTitle "EXT 2016"]
[Source "ChessBase"]
[SourceDate "2015.10.08"]
[SourceVersion "1"]
[SourceVersionDate "2015.10.08"]
[SourceQuality "1"]
[WhiteTeam "Neuchatel"]
[BlackTeam "Winterthur"]
[WhiteTeamCountry "SUI"]
[BlackTeamCountry "SUI"]

1. e4 c5 2. Nf3 d6 3. c3 Nf6 4. d3 Nc6 5. Be2 g6 6. 0-0 Bg7 7. d4 cxd4 8. cxd4 d5 9. e5 Ne4 10. Be3 f6 11. exf6 Bxf6 12. Nc3 Nxc3 13. bxc3 0-0 14. Re1 Bf5 15. Bh6 Re8 16. Qd2 Rc8 17. h3 Qa5 18. g4 Bd7 19. Rad1 Nd8 20. Ne5 Bxe5 21. dxe5 Nf7 22. Be3 e6 23. Bd4 a6 24. Bd3 Bb5 25. Bxb5 Qxb5 26. Rb1 Qd7 27. Rb6 Rc6 28. Reb1 Rxb6 29. Rxb6 Qe7 30. Kg2 Rf8 31. Qe3 Rc8 32. f4 Rc6 33. Rxc6 bxc6 34. Bc5 Qb7 35. Bb6 d4 36. Bxd4 c5+ 37. Qf3 Qxf3+ 38. Kxf3 cxd4 39. cxd4 Nh6 40. Ke4 Kf7 41. d5 exd5+ 42. Kxd5 Ke7 43. a4 a5 44. Kc5 Ke6 45. Kb5 Nxg4 46. hxg4 h5 47. f5+ gxf5 48. gxh5 Kxe5 49. Kc4 Kf6 50. Kd4 Kg5 51. Ke5 Kxh5 52. Kxf5 Kh6 1/2-1/2

[Event "SUI-chT"]
[Site "Switzerland"]
[Date "2014.06.15"]
[Round "4.7"]
[White "Bex, Pierre Alain"]
[Black "Paleologu, Vladimir"]
[Result "1-0"]
[WhiteElo "2254"]
[BlackElo "2176"]
[PlyCount "167"]
[EventDate "2014.03.16"]
[EventType "team-tourn"]
[EventRounds "9"]
[EventCountry "SUI"]
[SourceTitle "EXT 2015"]
[Source "ChessBase"]
[SourceDate "2014.11.20"]
[SourceVersion "1"]
[SourceVersionDate "2014.11.20"]
[SourceQuality "1"]
[WhiteTeam "Neuchatel"]
[BlackTeam "Mendrisio"]
[WhiteTeamCountry "SUI"]
[BlackTeamCountry "SUI"]

1. e4 d6 2. d4 Nf6 3. Nc3 Nbd7 4. Nf3 e5 5. Bc4 Be7 6. 0-0 c6 7. Re1 Qc7 8. a4 h6 9. Ba2 g5 10. Qd3 Rh7 11. Bd2 Nh5 12. Be3 Nf4 13. Bxf4 gxf4 14. Kh1 Nf6 15. Ne2 h5 16. Nxf4 Rg7 17. Ne2 Bd7 18. b4 0-0-0 19. a5 Rdg8 20. Rg1 d5 21. Nxe5 Nxe4 22. Raf1 Bf5 23. Qa3 Bd6 24. c4 dxc4 25. Qf3 Bh7 26. Nxc4 Bxb4 27. Rb1 Ng5 28. Qe3 Bxb1 29. Rxb1 Qe7 30. a6 Qxe3 31. Nxe3 Ba5 32. Nf5 bxa6 33. h4 Ne4 34. Ne7+ Kc7 35. Nxg8 Rxg8 36. Bxf7 Rf8 37. Bxh5 Rxf2 38. Kg1 Rf8 39. Bg4 Bb6 40. Rc1 Kd6 41. Bf3 Re8 42. Kh2 Bd8 43. Ng3 Nxg3 44. Rxc6+ Kd7 45. Kxg3 Rh8 46. Rxa6 Bxh4+ 47. Kg4 Bf2 48. Rxa7+ Kd6 49. Ra6+ Kd7 50. d5 Rf8 51. Be4 Rg8+ 52. Kf3 Rf8+ 53. Ke2 Bc5 54. Rc6 Rf2+ 55. Kd3 Bd6 56. Ke3 Rf1 57. g4 Re1+ 58. Kd3 Ke7 59. Ra6 Rd1+ 60. Ke2 Rd4 61. Kf3 Rd1 62. g5 Rf1+ 63. Ke2 Rg1 64. Ra7+ Ke8 65. g6 Be5 66. Ra6 Rg5 67. Ra7 Kf8 68. Rf7+ Ke8 69. Bf5 Rg3 70. Kf2 Rg5 71. Ke3 Rg1 72. Bd7+ Kd8 73. Ke4 Bb2 74. Kf5 Rf1+ 75. Ke6 Rxf7 76. gxf7 Ba3 77. Bb5 Bf8 78. d6 Bg7 79. d7 Bf8 80. Kf6 Bh6 81. Kg6 Bf8 82. Kh7 Ke7 83. Kg8 Bh6 84. Ba4 1-0

[Event "SUI-chT"]
[Site "Switzerland"]
[Date "2012.06.03"]
[Round "4.5"]
[White "Umbach, Andreas"]
[Black "Bex, Pierre Alain"]
[Result "1/2-1/2"]
[WhiteElo "2306"]
[BlackElo "2232"]
[PlyCount "49"]
[EventDate "2012.03.18"]
[EventType "team-tourn"]
[EventRounds "9"]
[EventCountry "SUI"]
[SourceTitle "EXT 2013"]
[Source "ChessBase"]
[SourceDate "2012.11.22"]
[SourceVersion "1"]
[SourceVersionDate "2012.11.22"]
[SourceQuality "1"]
[WhiteTeam "Wollishofen"]
[BlackTeam "Neuchatel"]
[WhiteTeamCountry "SUI"]
[BlackTeamCountry "SUI"]

1. e4 e5 2. Nf3 Nf6 3. Nc3 Nc6 4. d4 exd4 5. Nd5 Be7 6. Nxd4 Nxd5 7. exd5 Nxd4 8. Qxd4 0-0 9. Be2 c5 10. Qd3 d6 11. 0-0 Bf6 12. c3 Re8 13. Be3 Bd7 14. Rfe1 b5 15. Bf4 Be5 16. Bxe5 Rxe5 17. f4 Re8 18. Bf3 f5 19. Rxe8+ Qxe8 20. Kf1 Qd8 21. g3 Qf6 22. Re1 Re8 23. Rxe8+ Bxe8 24. a3 a5 25. Kf2 1/2-1/2

[Event "SUI-chT"]
[Site "Switzerland"]
[Date "2012.04.29"]
[Round "3.6"]
[White "Kaenel, Hansjuerg"]
[Black "Bex, Pierre Alain"]
[Result "1/2-1/2"]
[WhiteElo "2374"]
[BlackElo "2232"]
[PlyCount "89"]
[EventDate "2012.03.18"]
[EventType "team-tourn"]
[EventRounds "9"]
[EventCountry "SUI"]
[SourceTitle "EXT 2013"]
[Source "ChessBase"]
[SourceDate "2012.11.22"]
[SourceVersion "1"]
[SourceVersionDate "2012.11.22"]
[SourceQuality "1"]
[WhiteTeam "Riehen"]
[BlackTeam "Neuchatel"]
[WhiteTeamCountry "SUI"]
[BlackTeamCountry "SUI"]

1. Nf3 Nf6 2. e3 c5 3. b3 e6 4. Bb2 b6 5. c4 Bb7 6. Be2 Be7 7. 0-0 0-0 8. d3 Nc6 9. Nbd2 d5 10. a3 Qd6 11. Rc1 Rac8 12. Rc2 Nd7 13. Qa1 Bf6 14. Rd1 Rfd8 15. h3 Bxb2 16. Qxb2 Nde5 17. Nxe5 Nxe5 18. cxd5 Qxd5 19. Nf3 Nc6 20. b4 Ne7 21. Rdc1 Ng6 22. bxc5 bxc5 23. Qb5 Ba8 24. Rxc5 Rxc5 25. Qxc5 Qa2 26. Qa5 Rf8 27. Kf1 h6 28. d4 Bd5 29. Qb4 a5 30. Qd6 Qb2 31. Qc5 Rb8 32. Ne1 Rb3 33. a4 Qa3 34. Qxa3 Rxa3 35. Bd1 Ne7 36. Rc5 Nc6 37. Bc2 f5 38. g4 g6 39. h4 Nb4 40. gxf5 gxf5 41. Bd1 Ra1 42. Ke2 Ra2+ 43. Kf1 Ra1 44. Ke2 Ra2+ 45. Kf1 1/2-1/2

[Event "Biel MTO op"]
[Site "Biel"]
[Date "1997.??.??"]
[Round "3"]
[White "Sinkovics, Peter"]
[Black "Bex, Pierre Alain"]
[Result "1/2-1/2"]
[WhiteElo "2375"]
[BlackElo "2200"]
[PlyCount "98"]
[EventDate "1997.07.21"]
[EventType "swiss"]
[EventRounds "11"]
[EventCountry "SUI"]
[SourceTitle "CBM 060 Extra"]
[Source "ChessBase"]
[SourceDate "1997.11.04"]
[SourceVersion "1"]
[SourceVersionDate "1997.11.04"]
[SourceQuality "1"]

1. d4 d5 2. c4 Bf5 3. Nc3 e6 4. cxd5 exd5 5. Qb3 Nc6 6. Be3 Nf6 7. Nf3 Be7 8. g3 Na5 9. Qd1 Nc4 10. Bc1 0-0 11. Bg2 c6 12. 0-0 Ne4 13. Nxe4 Bxe4 14. b3 Nb6 15. Bb2 Re8 16. e3 Qd6 17. Qe2 Rad8 18. Rfd1 Qh6 19. Ne5 Bxg2 20. Kxg2 Bd6 21. Qg4 Bxe5 22. dxe5 Qg6 23. Qd4 Re6 24. a4 Rde8 25. a5 Nc8 26. Qb4 R6e7 27. Rac1 Rd7 28. e4 Ne7 29. h3 h5 30. Rd2 Red8 31. Rcd1 c5 32. Qxc5 Qxe4+ 33. Kf1 a6 34. Re2 Qg6 35. Rde1 Rc8 36. Qb4 Rc2 37. Rxc2 Qxc2 38. Re2 Qg6 39. Qc5 Kh7 40. Ba3 h4 41. Qb6 Nc6 42. Bd6 Qd3 43. Bc5 d4 44. Bd6 Qc3 45. b4 Qc1+ 46. Re1 Qd2 47. Re2 Qd1+ 48. Re1 Qd2 49. Re2 Qd1+ 1/2-1/2

[Event "Neuchatel op"]
[Site "Neuchatel"]
[Date "1996.??.??"]
[Round "3"]
[White "Bex, Pierre Alain"]
[Black "Kaenel, Hansjuerg"]
[Result "1/2-1/2"]
[WhiteElo "2180"]
[BlackElo "2390"]
[PlyCount "72"]
[EventDate "1996.05.??"]
[EventType "swiss"]
[EventRounds "7"]
[EventCountry "SUI"]
[SourceTitle "EXT 1997"]
[Source "ChessBase"]
[SourceDate "1996.11.15"]
[SourceVersion "1"]
[SourceVersionDate "1996.11.15"]
[SourceQuality "1"]

1. e4 c5 2. Nf3 e6 3. d4 cxd4 4. Nxd4 Nc6 5. Nc3 Qc7 6. Be3 a6 7. Be2 Nf6 8. 0-0 Bb4 9. Na4 0-0 10. c4 Be7 11. Nxc6 bxc6 12. Qc2 c5 13. Nc3 d6 14. f4 Bb7 15. Kh1 Rad8 16. Rac1 Nd7 17. Bd3 h6 18. Qe2 Bf6 19. e5 dxe5 20. f5 exf5 21. Bxf5 Be7 22. Qh5 Nf6 23. Qh3 Rd6 24. Bxh6 gxh6 25. Qxh6 Rfd8 26. Rf3 Bxf3 27. gxf3 Rd1+ 28. Nxd1 Qb7 29. Kg2 Rd6 30. Nc3 Bf8 31. Qg5+ Bg7 32. Rc2 Rd4 33. Re2 Rxc4 34. Ne4 Qb6 35. Nxf6+ Qxf6 36. Qxf6 Bxf6 1/2-1/2

[Event "Lyon op"]
[Site "Lyon"]
[Date "1995.??.??"]
[Round "3"]
[White "Bex, Pierre Alain"]
[Black "Badoual, Patrice"]
[Result "1-0"]
[WhiteElo "2190"]
[BlackElo "1800"]
[PlyCount "71"]
[EventDate "1995.??.??"]
[EventType "swiss"]
[EventRounds "9"]
[EventCountry "FRA"]
[SourceTitle "EXT 1999"]
[Source "ChessBase"]
[SourceDate "1998.11.16"]
[SourceVersion "1"]
[SourceVersionDate "1998.11.16"]
[SourceQuality "1"]

1. e4 e6 2. d4 d5 3. Nd2 Nf6 4. e5 Nfd7 5. Bd3 c5 6. c3 Nc6 7. Ne2 cxd4 8. cxd4 f6 9. exf6 Nxf6 10. Nf3 Bd6 11. 0-0 Qc7 12. Nc3 a6 13. Re1 0-0 14. h3 Bd7 15. Be3 Rae8 16. Rc1 Qb8 17. Na4 e5 18. dxe5 Nxe5 19. Nxe5 Bxe5 20. Nc5 Bc8 21. Qb3 Kh8 22. Re2 d4 23. Bd2 Bh2+ 24. Kh1 Rxe2 25. Bxe2 Bf4 26. Bxf4 Qxf4 27. Nd3 Qd6 28. Bf3 b5 29. Rc6 Qe7 30. Qc2 Bf5 31. Rxa6 Rc8 32. Rc6 Rxc6 33. Bxc6 Qc7 34. Qc5 Bxd3 35. Qf8+ Ng8 36. Bd5 1-0

[Event "Biel Credis op"]
[Site "Biel"]
[Date "1995.??.??"]
[Round "12"]
[White "Bex, Pierre Alain"]
[Black "Donev, Ivo Hristov"]
[Result "0-1"]
[WhiteElo "2175"]
[BlackElo "2385"]
[PlyCount "30"]
[EventDate "1995.??.??"]
[EventType "swiss"]
[EventRounds "12"]
[EventCountry "SUI"]
[SourceTitle "CBM 048 Extra"]
[Source "ChessBase"]
[SourceDate "1995.11.01"]
[SourceVersion "1"]
[SourceVersionDate "1995.11.01"]
[SourceQuality "1"]

1. e4 e5 2. Nf3 Nc6 3. Bc4 Nf6 4. Ng5 Bc5 5. Bxf7+ Ke7 6. Bd5 Rf8 7. 0-0 d6 8. h3 Qe8 9. d3 Qg6 10. Kh1 h6 11. Nf3 Ng4 12. Bxc6 Nxf2+ 13. Rxf2 Bxf2 14. Ba4 Bxh3 15. gxh3 Rxf3 0-1

[Event "Lyon op"]
[Site "Lyon"]
[Date "1995.??.??"]
[Round "5"]
[White "Bex, Pierre Alain"]
[Black "Gouby, Silman"]
[Result "1-0"]
[WhiteElo "2190"]
[BlackElo "1820"]
[PlyCount "57"]
[EventDate "1995.??.??"]
[EventType "swiss"]
[EventRounds "9"]
[EventCountry "FRA"]
[SourceTitle "EXT 1999"]
[Source "ChessBase"]
[SourceDate "1998.11.16"]
[SourceVersion "1"]
[SourceVersionDate "1998.11.16"]
[SourceQuality "1"]

1. e4 c5 2. Nf3 Nc6 3. c3 d5 4. exd5 Qxd5 5. d4 cxd4 6. cxd4 Bg4 7. Be2 0-0-0 8. Nc3 Qh5 9. Be3 e5 10. Qa4 exd4 11. Nxd4 Nxd4 12. Bxd4 Bxe2 13. Nxe2 a6 14. Bb6 Qd5 15. Rc1+ Kb8 16. Bxd8 Qxd8 17. 0-0 Bd6 18. Rfd1 Qe7 19. Ng3 Nh6 20. Re1 Qf6 21. Re8+ Rxe8 22. Qxe8+ Ka7 23. Qe3+ Kb8 24. Ne4 Bxh2+ 25. Kxh2 Ng4+ 26. Kg1 Qxb2 27. Qc3 Qe2 28. Qc4 Qb2 29. Qc2 1-0

[Event "Biel Credis op"]
[Site "Biel"]
[Date "1995.??.??"]
[Round "5"]
[White "Bex, Pierre Alain"]
[Black "Veroci, Zsuzsa"]
[Result "0-1"]
[WhiteElo "2175"]
[BlackElo "2315"]
[PlyCount "62"]
[EventDate "1995.??.??"]
[EventType "swiss"]
[EventRounds "12"]
[EventCountry "SUI"]
[SourceTitle "CBM 048 Extra"]
[Source "ChessBase"]
[SourceDate "1995.11.01"]
[SourceVersion "1"]
[SourceVersionDate "1995.11.01"]
[SourceQuality "1"]

1. e4 c5 2. Nf3 e6 3. c3 Nf6 4. e5 Nd5 5. b4 cxb4 6. c4 Nc7 7. d4 d5 8. exd6 Bxd6 9. Bd3 Nc6 10. Nbd2 Be7 11. Bb2 0-0 12. h4 h6 13. Qe2 f5 14. Ne4 e5 15. g4 exd4 16. gxf5 Bxf5 17. 0-0-0 Bg4 18. Ned2 Ne6 19. Rdg1 Nf4 20. Bh7+ Kxh7 21. Qe4+ Bf5 22. Qxf4 Bd6 23. Ng5+ hxg5 24. hxg5+ Kg8 25. Qh4 Bg6 26. Rg4 Qc7 27. Rxd4 Nxd4 28. Bxd4 Be5 29. Rh3 Bxd4 30. Qxd4 Rad8 31. Qh4 Qe5 0-1

[Event "Geneve op"]
[Site "Geneve"]
[Date "1995.??.??"]
[Round "1"]
[White "Bex, Pierre Alain"]
[Black "Zelcic, Robert"]
[Result "0-1"]
[WhiteElo "2190"]
[BlackElo "2500"]
[PlyCount "68"]
[EventDate "1995.??.??"]
[EventType "swiss"]
[EventRounds "9"]
[EventCountry "SUI"]
[SourceTitle "CBM 046 Extra"]
[Source "ChessBase"]
[SourceDate "1995.07.01"]
[SourceVersion "1"]
[SourceVersionDate "1995.07.01"]
[SourceQuality "1"]

1. e4 Nf6 2. Nc3 d5 3. e5 Ne4 4. d4 Nxc3 5. bxc3 c5 6. Be3 Nc6 7. Nf3 Bg4 8. Be2 e6 9. 0-0 Be7 10. Kh1 0-0 11. Ng1 Bf5 12. Bd3 Bxd3 13. Qxd3 Rc8 14. f4 cxd4 15. Bxd4 Nxd4 16. cxd4 Qc7 17. Rab1 b6 18. Rf2 Qc4 19. Qd1 g6 20. Rb3 Rc7 21. f5 exf5 22. Qd2 f6 23. e6 Bd6 24. Nf3 Re8 25. Re2 Rce7 26. Qe1 g5 27. Rc3 Qb5 28. a3 g4 29. Ng1 Qa5 30. h3 h5 31. Qa1 Rxe6 32. Rxe6 Rxe6 33. Rc8+ Kg7 34. Qf1 Qe1 0-1

[Event "Biel Credis op"]
[Site "Biel"]
[Date "1995.??.??"]
[Round "11"]
[White "Marinkovic, Ivan"]
[Black "Bex, Pierre Alain"]
[Result "1-0"]
[WhiteElo "2465"]
[BlackElo "2175"]
[PlyCount "81"]
[EventDate "1995.??.??"]
[EventType "swiss"]
[EventRounds "12"]
[EventCountry "SUI"]
[SourceTitle "CBM 048 Extra"]
[Source "ChessBase"]
[SourceDate "1995.11.01"]
[SourceVersion "1"]
[SourceVersionDate "1995.11.01"]
[SourceQuality "1"]

1. Nf3 d5 2. c4 c6 3. Qc2 Nf6 4. g3 e6 5. b3 Bd6 6. Bb2 0-0 7. Bg2 Re8 8. d4 Nbd7 9. 0-0 dxc4 10. bxc4 e5 11. e3 Qe7 12. Nc3 Bc7 13. c5 Ng4 14. h3 Nh6 15. Ne4 exd4 16. Nxd4 f5 17. Nd6 Bxd6 18. cxd6 Qxd6 19. Nxf5 Nxf5 20. Qxf5 Nf6 21. Qc2 Be6 22. Rad1 Qe7 23. a3 Rad8 24. e4 Qf7 25. Qc5 a6 26. g4 h6 27. Rd4 Rxd4 28. Qxd4 Qe7 29. Rd1 Bb3 30. Rd3 c5 31. Qc3 Bf7 32. e5 Nh7 33. f4 Nf8 34. f5 Rb8 35. Rd6 b6 36. h4 Be8 37. Bd5+ Bf7 38. e6 Be8 39. Qe5 Nh7 40. Rd7 Bxd7 41. exd7+ 1-0

[Event "Biel Credis op"]
[Site "Biel"]
[Date "1995.??.??"]
[Round "8"]
[White "Sinkovics, Peter"]
[Black "Bex, Pierre Alain"]
[Result "1-0"]
[WhiteElo "2415"]
[BlackElo "2175"]
[PlyCount "35"]
[EventDate "1995.??.??"]
[EventType "swiss"]
[EventRounds "12"]
[EventCountry "SUI"]
[SourceTitle "CBM 048 Extra"]
[Source "ChessBase"]
[SourceDate "1995.11.01"]
[SourceVersion "1"]
[SourceVersionDate "1995.11.01"]
[SourceQuality "1"]

1. d4 d5 2. c4 e6 3. Nf3 Nf6 4. Nc3 c6 5. e3 Nbd7 6. Bd3 dxc4 7. Bxc4 b5 8. Bd3 a6 9. e4 Bb7 10. e5 Nd5 11. Nxd5 cxd5 12. Ng5 Bb4+ 13. Kf1 h6 14. Qh5 0-0 15. h4 Qe8 16. Bh7+ Kh8 17. Rh3 Be7 18. Nxe6 1-0

[Event "Biel Credis op"]
[Site "Biel"]
[Date "1995.??.??"]
[Round "4"]
[White "Suetin, Alexey S"]
[Black "Bex, Pierre Alain"]
[Result "1-0"]
[WhiteElo "2445"]
[BlackElo "2175"]
[PlyCount "111"]
[EventDate "1995.??.??"]
[EventType "swiss"]
[EventRounds "12"]
[EventCountry "SUI"]
[SourceTitle "CBM 048 Extra"]
[Source "ChessBase"]
[SourceDate "1995.11.01"]
[SourceVersion "1"]
[SourceVersionDate "1995.11.01"]
[SourceQuality "1"]

1. e4 e5 2. Nf3 Nf6 3. d4 Nxe4 4. Bd3 d5 5. Nxe5 Nd7 6. Qe2 Nxe5 7. Bxe4 dxe4 8. Qxe4 Bd6 9. dxe5 Qe7 10. 0-0 0-0 11. Bf4 Re8 12. Re1 f6 13. Nd2 fxe5 14. Bg3 Bd7 15. Nf3 Bc6 16. Qc4+ Qf7 17. Qxf7+ Kxf7 18. Nxe5+ Bxe5 19. Bxe5 Rad8 20. Bf4 Rxe1+ 21. Rxe1 Rd7 22. f3 Bd5 23. b3 c6 24. Kf2 Be6 25. g4 b5 26. Be3 a6 27. Ke2 Rd5 28. b4 Rd8 29. a3 Bc4+ 30. Kf2 Ra8 31. f4 Re8 32. Ra1 Re4 33. h3 h6 34. c3 Re7 35. a4 bxa4 36. Rxa4 Rd7 37. Bd4 Re7 38. Ra5 Bb5 39. Ra2 Bc4 40. Rd2 Re4 41. f5 h5 42. Kf3 Bd5 43. Kg3 hxg4 44. hxg4 g6 45. Rh2 gxf5 46. gxf5 Bc4 47. Rh7+ Kg8 48. Rg7+ Kf8 49. Rb7 Kg8 50. Rb6 Bb5 51. f6 Kf8 52. Rb7 Bc4 53. Kf3 Rh4 54. Bc5+ Kg8 55. Rg7+ Kh8 56. Bd4 1-0

[Event "Lyon op"]
[Site "Lyon"]
[Date "1995.??.??"]
[Round "9"]
[White "Velikov, Petar"]
[Black "Bex, Pierre Alain"]
[Result "1-0"]
[WhiteElo "2450"]
[BlackElo "2190"]
[PlyCount "43"]
[EventDate "1995.??.??"]
[EventType "swiss"]
[EventRounds "9"]
[EventCountry "FRA"]
[SourceTitle "EXT 1999"]
[Source "ChessBase"]
[SourceDate "1998.11.16"]
[SourceVersion "1"]
[SourceVersionDate "1998.11.16"]
[SourceQuality "1"]

1. Nf3 Nf6 2. c4 c6 3. d4 d5 4. Nc3 e6 5. e3 Nbd7 6. Qc2 Bd6 7. Be2 Qe7 8. 0-0 0-0 9. a3 a6 10. Rd1 dxc4 11. Bxc4 b5 12. Ba2 Bb7 13. e4 e5 14. Bg5 exd4 15. Nxd4 Bxh2+ 16. Kxh2 Ng4+ 17. Kg3 Qxg5 18. Nf3 Qg6 19. Nh4 Qg5 20. f4 Ne3+ 21. fxg5 Nxc2 22. Rac1 1-0

[Event "FRA"]
[Site "France"]
[Date "1993.??.??"]
[Round "?"]
[White "Mercier, Jean Pierre"]
[Black "Bex, Pierre Alain"]
[Result "1/2-1/2"]
[WhiteElo "2225"]
[BlackElo "2225"]
[PlyCount "107"]
[EventDate "1993.??.??"]
[EventType "team-tourn"]
[EventRounds "11"]
[EventCountry "FRA"]
[SourceTitle "TD"]
[Source "ChessBase"]
[SourceDate "1994.03.01"]
[SourceVersion "1"]
[SourceVersionDate "1994.03.01"]
[SourceQuality "1"]

1. d4 Nf6 2. Nf3 d5 3. Bg5 Ne4 4. Bf4 Bf5 5. e3 e6 6. Nbd2 Be7 7. Nxe4 Bxe4 8. Bd3 Bxd3 9. Qxd3 c6 10. 0-0 Nd7 11. c4 0-0 12. b4 dxc4 13. Qxc4 Nb6 14. Qb3 Qd5 15. Qb1 Qb5 16. a3 Nd5 17. Be5 a5 18. bxa5 Rxa5 19. a4 Qa6 20. Qb3 Ra8 21. Rab1 Nb4 22. Nd2 Rxa4 23. e4 Ra3 24. Qd1 Qd3 25. Qg4 g6 26. Nf3 f5 27. Qh3 Rb3 28. Rxb3 Qxb3 29. Qh6 Bf8 30. Qg5 Nd3 31. Qf6 Nxe5 32. Nxe5 Bg7 33. Qf7+ Kh8 34. Nf3 Rf8 35. Qe7 h6 36. e5 Ra8 37. h4 Kh7 38. h5 g5 39. Nxg5+ hxg5 40. Qxg5 Qc3 41. Qg6+ Kh8 42. h6 Bf8 43. Qf6+ Kh7 44. Qxe6 Bxh6 45. Qxf5+ Kh8 46. Qf6+ Bg7 47. Qh4+ Kg8 48. Qe7 Qb3 49. f4 Qe3+ 50. Kh2 Qxd4 51. Qe6+ Kf8 52. Qf5+ Kg8 53. Qe6+ Kf8 54. Qf5+ 1/2-1/2

[Event "Biel-C"]
[Site "Biel"]
[Date "1990.??.??"]
[Round "11"]
[White "Bex, Pierre Alain"]
[Black "Danner, Georg"]
[Result "0-1"]
[WhiteElo "2230"]
[BlackElo "2330"]
[PlyCount "98"]
[EventDate "1990.07.??"]
[EventType "swiss"]
[EventRounds "11"]
[EventCountry "SUI"]
[SourceTitle "EXT 1997"]
[Source "ChessBase"]
[SourceDate "1996.11.15"]
[SourceVersion "1"]
[SourceVersionDate "1996.11.15"]
[SourceQuality "1"]

1. e4 c5 2. Nf3 d6 3. d4 cxd4 4. Nxd4 Nf6 5. Nc3 a6 6. a4 e5 7. Nb3 Be7 8. Be2 0-0 9. 0-0 Be6 10. Be3 Nbd7 11. f4 exf4 12. Rxf4 Ne5 13. Nd4 Qc7 14. Nf5 Bxf5 15. Rxf5 Qc8 16. Qf1 Qe6 17. Bg5 Rac8 18. Re1 Rxc3 19. bxc3 Nxe4 20. Bxe7 Qxe7 21. Bxa6 Nxc3 22. Bb5 g6 23. Rf4 Kg7 24. Rc4 Nd5 25. Rce4 Nf6 26. Kh1 Rc8 27. Rc4 Rxc4 28. Bxc4 Qc7 29. Bb3 h5 30. h3 Ng8 31. Qf4 Nh6 32. Qb4 Nf5 33. Rd1 h4 34. a5 Qc6 35. Bd5 Qxc2 36. Qd2 Ng3+ 37. Kg1 Qc5+ 38. Kh2 Qb5 39. Kg1 b6 40. axb6 Qxb6+ 41. Kh2 Qb5 42. Kg1 Qa4 43. Ba2 Nf5 44. Kh2 Qa3 45. Rb1 Qg3+ 46. Kh1 Ne3 47. Rc1 Nd3 48. Rc7 Nf2+ 49. Kg1 Qxg2# 0-1